La oferta de plataforma de alcatel space : spacebus y proteus (Registro nro. 153343)

Detalles MARC
001 - NÚMERO DE CONTROL
campo de control 597542
005 - FECHA Y HORA DE LA ÚLTIMA TRANSACCIÓN
campo de control 20260217101127.0
008 - DATOS DE LONGITUD FIJA--INFORMACIÓN GENERAL
campo de control de longitud fija 000530e19991001 spa
035 ## - NÚMERO DE CONTROL DEL SISTEMA
Número de control de sistema 597542
035 ## - NÚMERO DE CONTROL DEL SISTEMA
Número de control de sistema (OCoLC)819833516
040 ## - FUENTE DE LA CATALOGACIÓN
Centro/agencia transcriptor comduadb
041 ## - CÓDIGO DE LENGUA
Código de lengua del texto/banda sonora o título independiente spa
100 10 - ENTRADA PRINCIPAL--NOMBRE DE PERSONA
Nombre de persona Zieger, J.
Código de función aut
Término indicativo de función/relación Autor/a
9 (RLIN) 507355
245 13 - MENCIÓN DE TÍTULO
Título La oferta de plataforma de alcatel space : spacebus y proteus
650 ## - PUNTO DE ACCESO ADICIONAL DE MATERIA--TÉRMINO DE MATERIA
Término de materia o nombre geográfico como elemento de entrada Plataforma de Alcatel Space : (Spacebus y Proteus) para satelites
9 (RLIN) 63312
650 ## - PUNTO DE ACCESO ADICIONAL DE MATERIA--TÉRMINO DE MATERIA
Término de materia o nombre geográfico como elemento de entrada Satélites artificiales
9 (RLIN) 16511
650 ## - PUNTO DE ACCESO ADICIONAL DE MATERIA--TÉRMINO DE MATERIA
Término de materia o nombre geográfico como elemento de entrada Telecomunicaciones
9 (RLIN) 558
650 #7 - PUNTO DE ACCESO ADICIONAL DE MATERIA--TÉRMINO DE MATERIA
Término de materia o nombre geográfico como elemento de entrada Astronomía
Fuente del encabezamiento o término lemb
9 (RLIN) 37282
650 ## - PUNTO DE ACCESO ADICIONAL DE MATERIA--TÉRMINO DE MATERIA
Término de materia o nombre geográfico como elemento de entrada Radar
9 (RLIN) 2436
650 #7 - PUNTO DE ACCESO ADICIONAL DE MATERIA--TÉRMINO DE MATERIA
Término de materia o nombre geográfico como elemento de entrada Óptica
Fuente del encabezamiento o término lemb
9 (RLIN) 671
650 ## - PUNTO DE ACCESO ADICIONAL DE MATERIA--TÉRMINO DE MATERIA
Término de materia o nombre geográfico como elemento de entrada Aviones
9 (RLIN) 63313
650 ## - PUNTO DE ACCESO ADICIONAL DE MATERIA--TÉRMINO DE MATERIA
Término de materia o nombre geográfico como elemento de entrada Mercado
9 (RLIN) 135350
650 #7 - PUNTO DE ACCESO ADICIONAL DE MATERIA--TÉRMINO DE MATERIA
Término de materia o nombre geográfico como elemento de entrada Competitividad
Fuente del encabezamiento o término lemb
9 (RLIN) 37811
773 0# - ENLACE AL DOCUMENTO FUENTE/ENTRADA DE REGISTRO ANFITRIÓN
Título Revista de Telecomunicaciones de Alcatel (Paris)
Parte(s) relacionada(s) Número Octubre-Diciembre de 1999, p. 279-285
Número de control del registro 100435
Número Internacional Normalizado para Publicaciones Seriadas 1266-9091
Número bibliográfico anfitrión 93778
942 ## - ELEMENTOS DE ENTRADA AGREGADA (KOHA)
Tipo de ítem Koha Artículo de Revista

No hay ítems disponibles.